UBT Library

Intermediate algebra / (Record no. 40146)

000 -LEADER
fixed length control field 00765cam a22002774a 4500
001 - CONTROL NUMBER
control field 16769406
005 - DATE AND TIME OF LATEST TRANSACTION
control field 20180111092414.0
008 - FIXED-LENGTH DATA ELEMENTS--GENERAL INFORMATION
fixed length control field 110509s2013 maua 001 0 eng
010 ## - LIBRARY OF CONGRESS CONTROL NUMBER
LC control number 2011013318
020 ## - INTERNATIONAL STANDARD BOOK NUMBER
International Standard Book Number 9780321785046
020 ## - INTERNATIONAL STANDARD BOOK NUMBER
International Standard Book Number 0321785045
020 ## - INTERNATIONAL STANDARD BOOK NUMBER
International Standard Book Number 9780321785947
020 ## - INTERNATIONAL STANDARD BOOK NUMBER
International Standard Book Number 0321785940
035 ## - SYSTEM CONTROL NUMBER
System control number (OCoLC)ocn722841969
040 ## - CATALOGING SOURCE
Original cataloging agency DLC
Language of cataloging eng
Transcribing agency DLC
Modifying agency YDX
-- YDXCP
-- BWX
-- DLC
041 ## - LANGUAGE CODE
Language code of text/sound track or separate title eng
042 ## - AUTHENTICATION CODE
Authentication code pcc
080 ## - UNIVERSAL DECIMAL CLASSIFICATION NUMBER
Universal Decimal Classification number 512.9 GAY
082 00 - DEWEY DECIMAL CLASSIFICATION NUMBER
Classification number 512.9 GAY
Edition number 23
100 1# - Rafti
Rafti 36
101 ## - Shkurtesa
Shkurtesa MAT
245 10 - TITLE STATEMENT
Title Intermediate algebra /
Statement of responsibility, etc Elayn Martin-Gay.
906 ## - LOCAL DATA ELEMENT F, LDF (RLIN)
a 7
b cbc
c orignew
d 1
e ecip
f 20
g y-gencatlg
942 ## - ADDED ENTRY ELEMENTS (KOHA)
Source of classification or shelving scheme
Item type Books
Holdings
Withdrawn status Lost status Source of classification or shelving scheme Damaged status Not for loan Collection code Permanent location Current location Shelving location Date acquired Total Checkouts Full call number Barcode Date last seen Price effective from Koha item type
          Koleksioni i përgjithshem UBT - Lipjan UBT - Lipjan Koleksioni i përgjithshem 01/11/2018   512.9 GAY 002-2994920 01/11/2018 01/11/2018 Books
UBT Library © 2015-2024. All rights reserved University Education for Business and Technology